Statistics for Australian or Canadian - Musicians/Bands

Click here to take the quiz!

General Stats

  • This quiz has been taken 85 times
  • The average score is 16 of 20

Answer Stats

QuestionAnswer% Correct
INXSAustralia
92%
RushCanada
91%
Iggy AzaleaAustralia
90%
Leonard CohenCanada
87%
SiaAustralia
86%
Bryan AdamsCanada
86%
JetAustralia
85%
Paul AnkaCanada
85%
Bachman–Turner OverdriveCanada
83%
Shania TwainCanada
83%
SilverchairAustralia
82%
Neil YoungCanada
81%
Savage GardenAustralia
77%
Corey HartCanada
77%
Tom CochraneCanada
76%
Natalie ImbrugliaAustralia
73%
Yolanda Be CoolAustralia
72%
Simple PlanCanada
64%
Bag RaidersAustralia
59%
Finger ElevenCanada
59%

Score Distribution

Percentile by Number Answered

Percent of People with Each Score

Your Score History

You have not taken this quiz